000 00337nam a2200133Ia 4500
008 240624s9999 xx 000 0 und d
041 _aeng
082 _a339 TOF
100 _aTOFFLER ALVIN
245 _aREVOLUTIONARY WEALTH
260 _c2006
_aNew York
_bCurrency and Doubleday
300 _axx, : 490 : p. : cm. ; 20
365 _cRS
_b20
999 _c8111
_d8111